000 00610nam a2200169Ia 4500
003 GCL
008 140319s9999 xx 000 0 ara d
040 _aGCL /
_cGCL
082 0 4 _a880.05
_bا ك
100 1 _aاحمد عثمان
245 1 0 _aالكتاب السنوى الثانى: بمناسبة مرور عشر سنوات على تاسيس الجمعية /
_cاحمد عثمان
490 _aالهيئة العامة للاستعلامات
_v0
650 0 4 _aالادب اليونانى
650 0 4 _aالكتب السنوية
650 0 4 _aالادب اليونانى - دوريات
942 _2ddc
_cBK
999 _c51659
_d51659